[Event "2 IECC, Ohrid"]
[Site "Ohrid MKD"]
[Date "2001.06.12"]
[Round "11.18"]
[White "Dautov, Rustem"]
[Black "Gyimesi, Zoltan"]
[Result "1/2-1/2"]
[WhiteElo "2631"]
[BlackElo "2571"]
[EventDate "2001.06.01"]
[PlyCount "48"]

1.d4 Nf6 2.c4 e6 3.Nc3 Bb4 4.Qc2 O-O 5.a3 Bxc3+ 6.Qxc3 b6 7.Bg5 Ba6 8.Qf3 
Nc6 9.e3 h6 10.Bxf6 Qxf6 11.Qxf6 gxf6 12.Nf3 Rac8 13.Be2 d6 14.b4 Ne7 15.
a4 c5 16.dxc5 dxc5 17.b5 Bb7 18.a5 Rfd8 19.Nd2 Kf8 20.Rg1 Rc7 21.Bf3 Rcd7 
22.axb6 axb6 23.Ra2 Bxf3 24.gxf3 Ng6 1/2-1/2

[Event "2 IECC, Ohrid"]
[Site "Ohrid MKD"]
[Date "2001.06.12"]
[Round "11.20"]
[White "Greenfeld, Alon"]
[Black "Zviagintsev, Vadim"]
[Result "1/2-1/2"]
[WhiteElo "2570"]
[BlackElo "2627"]
[EventDate "2001.06.01"]
[PlyCount "55"]

1.d4 Nf6 2.c4 e6 3.g3 d5 4.Bg2 dxc4 5.Qa4+ Nc6 6.Bxc6+ bxc6 7.Qxc6+ Bd7 8.
Qxc4 Rc8 9.Nf3 c5 10.O-O cxd4 11.Qxd4 Bc5 12.Qd3 Qb6 13.Na3 O-O 14.Nc4 Qa6
15.b3 Rfd8 16.Bb2 Bc6 17.Qc3 Bf8 18.Qa5 Bb5 19.Qxa6 Bxa6 20.Rfc1 Nd5 21.
Kf1 Nb4 22.a3 Nc6 23.Ncd2 e5 24.Rc2 f6 25.Rac1 Ne7 26.Ke1 Rb8 27.b4 Bb5 
28.Nc4 1/2-1/2

[Event "2 IECC, Ohrid"]
[Site "Ohrid MKD"]
[Date "2001.06.12"]
[Round "11.21"]
[White "Sokolov, Andrei"]
[Black "Alexandrov, Alexei"]
[Result "1/2-1/2"]
[WhiteElo "2568"]
[BlackElo "2610"]
[EventDate "2001.06.01"]
[PlyCount "65"]

1.e4 e5 2.Nf3 Nc6 3.Bb5 Nf6 4.O-O Nxe4 5.d4 Nd6 6.Bxc6 dxc6 7.dxe5 Nf5 8.
Qxd8+ Kxd8 9.Nc3 Bd7 10.Rd1 Kc8 11.Ng5 Be8 12.b3 b6 13.Bb2 Kb7 14.Rd3 Be7 
15.Nge4 Rd8 16.Rxd8 Bxd8 17.Rd1 Kc8 18.Ne2 h5 19.Rd3 a5 20.a4 c5 21.c4 Bc6
22.f3 h4 23.Nf4 Re8 24.Ne2 Be7 25.Kf2 g6 26.Nf6 Bxf6 27.exf6 Bd7 28.g4 
hxg3+ 29.hxg3 Rh8 30.Kg2 Re8 31.Kf2 Rh8 32.Kg2 Re8 33.Kf2 1/2-1/2

[Event "2 IECC, Ohrid"]
[Site "Ohrid MKD"]
[Date "2001.06.12"]
[Round "11.25"]
[White "Iordachescu, Viorel"]
[Black "Malakhatko, Vadim"]
[Result "0-1"]
[WhiteElo "2589"]
[BlackElo "2524"]
[EventDate "2001.06.01"]
[PlyCount "118"]

1.e4 c5 2.Nf3 e6 3.d4 cxd4 4.Nxd4 Nf6 5.Nc3 Nc6 6.Ndb5 d6 7.Bf4 e5 8.Bg5 
a6 9.Na3 b5 10.Nd5 Be7 11.Bxf6 Bxf6 12.c3 O-O 13.Nc2 Bg5 14.a4 bxa4 15.
Rxa4 a5 16.Bc4 Rb8 17.b3 Kh8 18.Qe2 f5 19.h4 Be7 20.exf5 Bxf5 21.Nce3 Be6 
22.Qc2 Qd7 23.Qe4 Bd8 24.O-O Ne7 25.Nxe7 Qxe7 26.g3 Bb6 27.Bxe6 Qxe6 28.
Nd5 Bc5 29.b4 axb4 30.cxb4 Bd4 31.Kg2 Qc8 32.Ra2 Rb5 33.Ra5 Rxa5 34.bxa5 
Qa8 35.f4 Qxa5 36.f5 Qa8 37.Kh3 Qb7 38.Rf3 Qd7 39.g4 Qc6 40.g5 Qc8 41.Kg3 
Qc1 42.f6 Qg1+ 43.Kh3 Qh1+ 44.Kg3 g6 45.Nc7 Qg1+ 46.Kh3 Qh1+ 47.Kg3 Bc3 
48.Re3 Qg1+ 49.Kh3 Qf1+ 50.Qg2 Qf5+ 51.Qg4 Qf1+ 52.Qg2 Qc4 53.Nd5 Bd4 54.
Ra3 e4 55.Qxe4 Qf1+ 56.Kg4 Be5 57.Ne3 Qe1 58.Kf3 Qh1+ 59.Ng2 Qh3+ 0-1

[Event "2 IECC, Ohrid"]
[Site "Ohrid MKD"]
[Date "2001.06.12"]
[Round "11.28"]
[White "Asrian, Karen"]
[Black "Savchenko, Stanislav"]
[Result "1/2-1/2"]
[WhiteElo "2582"]
[BlackElo "2517"]
[EventDate "2001.06.01"]
[PlyCount "71"]

1.e4 e6 2.d4 d5 3.Nd2 c5 4.exd5 Qxd5 5.Ngf3 cxd4 6.Bc4 Qd6 7.O-O Nf6 8.Nb3
Nc6 9.Nbxd4 Nxd4 10.Nxd4 a6 11.Bb3 Qc7 12.Qf3 Bd6 13.h3 O-O 14.Bg5 Nd7 15.
c3 b5 16.Rfe1 Bb7 17.Qh5 Nc5 18.Bc2 g6 19.Qh4 Rfe8 20.Re3 Bd5 21.Rae1 Qd7 
22.b4 Na4 23.Nf3 Nb6 24.Bb3 Rac8 25.Bf6 Bxf3 26.Rxf3 Be7 27.Rd1 Bxf6 28.
Qxf6 Qe7 29.Qe5 Rcd8 30.Rfd3 Rxd3 31.Rxd3 Rd8 32.Rd4 Rxd4 33.Qxd4 Qc7 34.
g3 h5 35.h4 Qc6 36.Qd8+ 1/2-1/2

[Event "2 IECC, Ohrid"]
[Site "Ohrid MKD"]
[Date "2001.06.12"]
[Round "11.33"]
[White "Minasian, Artashes"]
[Black "Jussupow, Artur"]
[Result "1-0"]
[WhiteElo "2554"]
[BlackElo "2645"]
[EventDate "2001.06.01"]
[PlyCount "77"]

1.e4 c5 2.Nf3 e6 3.d4 cxd4 4.Nxd4 Nf6 5.Nc3 d6 6.f4 a6 7.Qf3 Qc7 8.g4 b5 
9.g5 Nfd7 10.a3 Bb7 11.f5 Nc6 12.fxe6 Nxd4 13.Qxf7+ Kd8 14.exd7 Be7 15.
Qxg7 Nxc2+ 16.Kd1 Rf8 17.Kxc2 Bxe4+ 18.Bd3 Bxh1 19.Be3 Qc6 20.Re1 Kxd7 21.
Bd2 Rfe8 22.Bxh7 a5 23.Bf5+ Kd8 24.Rxh1 Qxh1 25.Be4 Qxh2 26.Bxa8 b4 27.
axb4 axb4 28.Nd5 b3+ 29.Kd3 Qh3+ 30.Be3 Qf5+ 31.Kd2 Qc2+ 32.Ke1 Qb1+ 33.
Kf2 Rf8+ 34.Nf4 Qc2+ 35.Kg3 Rf5 36.Qg8+ Kc7 37.Nd5+ Rxd5 38.Qxd5 Kd7 39.
Qb5+ 1-0

[Event "2 IECC, Ohrid"]
[Site "Ohrid MKD"]
[Date "2001.06.12"]
[Round "11.36"]
[White "Goloshchapov, Alexander"]
[Black "Tregubov, Pavel"]
[Result "1/2-1/2"]
[WhiteElo "2528"]
[BlackElo "2628"]
[EventDate "2001.06.01"]
[PlyCount "119"]

1.d4 d5 2.c4 e6 3.Nc3 c6 4.e4 dxe4 5.Nxe4 Bb4+ 6.Bd2 Qxd4 7.Bxb4 Qxe4+ 8.
Be2 Na6 9.Ba5 f6 10.Qd8+ Kf7 11.Nf3 b6 12.Bc3 Bb7 13.Qd7+ Ne7 14.Qxb7 Nc5 
15.Qc7 Rhc8 16.Qg3 Nf5 17.Ng5+ fxg5 18.Qxg5 Nd3+ 19.Kf1 Nf4 20.Qg4 Rd8 21.
Re1 Nd4 22.Bd1 Qd3+ 23.Kg1 Qf5 24.h3 Nd3 25.Rf1 c5 26.Kh2 Qxg4 27.Bxg4 e5 
28.Rd1 e4 29.Rd2 Ne5 30.b3 Rd6 31.Re1 Nxg4+ 32.hxg4 Re8 33.Re3 Ree6 34.Kg1
Kg6 35.f3 exf3 36.Rxe6+ Rxe6 37.Bxd4 cxd4 38.gxf3 Rd6 39.Kf2 Kf6 40.f4 g6 
41.Kf3 h5 42.gxh5 gxh5 43.Rh2 Kg6 44.Ke2 d3+ 45.Kd2 Rd4 46.Rg2+ Kh6 47.Rg8
Rxf4 48.Kxd3 a5 49.Rc8 h4 50.Rc6+ Kg5 51.Rxb6 h3 52.Re6 h2 53.Re1 Kg4 54.
c5 Kg3 55.a3 Kg2 56.Re2+ Rf2 57.Re1 Rf1 58.Re2+ Rf2 59.Re1 Rf1 60.Re2+ 
1/2-1/2

[Event "2 IECC, Ohrid"]
[Site "Ohrid MKD"]
[Date "2001.06.12"]
[Round "11.37"]
[White "Baklan, Volodymyr"]
[Black "Bezgodov, Alexei"]
[Result "1-0"]
[WhiteElo "2613"]
[BlackElo "2543"]
[EventDate "2001.06.01"]
[PlyCount "153"]

1.e4 e5 2.Nf3 Nc6 3.Bb5 a6 4.Bxc6 dxc6 5.O-O f6 6.d4 Bg4 7.c3 Bd6 8.Be3 
Ne7 9.Nbd2 Qd7 10.dxe5 fxe5 11.h3 Be6 12.Qe2 Ng6 13.Rfd1 O-O 14.Ng5 Nf4 
15.Bxf4 Rxf4 16.b4 Raf8 17.f3 Kh8 18.Nxe6 Qxe6 19.Nf1 c5 20.a3 cxb4 21.
axb4 Be7 22.Ne3 Bg5 23.Rd5 R4f7 24.Ng4 Bf4 25.Rad1 h5 26.Ne3 Kh7 27.Nf5 
Qf6 28.Qf2 g6 29.Ne3 Qg5 30.Nf1 Qe7 31.R1d3 Qe6 32.Qe2 Qb6+ 33.Qf2 Qe6 34.
Qe1 Qb6+ 35.Qf2 Qe6 36.Ng3 Bg5 37.Ne2 Be7 38.Qg3 Bf6 39.Rd1 Re8 40.Qf2 b6 
41.Qe3 Be7 42.Kh2 Ra8 43.Ra1 Qc6 44.Qd3 b5 45.Kh1 Bd6 46.Nc1 Raf8 47.Nb3 
g5 48.Nc5 Bxc5 49.Rxc5 Qf6 50.Qd5 g4 51.Qxe5 gxf3 52.Qxh5+ Kg8 53.gxf3 
Qxf3+ 54.Qxf3 Rxf3 55.Rg1+ Kf7 56.Rxc7+ Kf6 57.Kh2 Ke5 58.Rg3 Kxe4 59.Rxf3
Kxf3 60.Rc6 Ra8 61.Rc5 a5 62.bxa5 Rxa5 63.h4 Kg4 64.h5 Ra6 65.Kg2 Rf6 66.
Rxb5 Re6 67.Rb3 Kxh5 68.Kf3 Rc6 69.Ke3 Kg5 70.Kd3 Rc8 71.Rb6 Kf5 72.Kd4 
Ra8 73.Kc5 Ke4 74.c4 Kd3 75.Kb5 Kd4 76.c5 Ke5 77.Rb7 1-0

[Event "2 IECC, Ohrid"]
[Site "Ohrid MKD"]
[Date "2001.06.12"]
[Round "11.42"]
[White "Delchev, Alexander"]
[Black "Rechlis, Gad"]
[Result "1-0"]
[WhiteElo "2584"]
[BlackElo "2525"]
[EventDate "2001.06.01"]
[PlyCount "63"]

1.c4 b6 2.d4 e6 3.a3 c5 4.d5 exd5 5.cxd5 d6 6.e4 g6 7.Nc3 a6 8.h3 Bg7 9.
Bd3 Ne7 10.Nge2 Nd7 11.O-O O-O 12.Ng3 b5 13.Bg5 h6 14.Be3 Kh7 15.f4 f5 16.
exf5 gxf5 17.Qc2 Nb6 18.Rad1 Qe8 19.Rfe1 Qg6 20.Bf2 Nbxd5 21.Nxd5 Nxd5 22.
Bxb5 axb5 23.Rxd5 Bb7 24.Rd2 Rf7 25.Qd3 c4 26.Qxd6 Qxd6 27.Rxd6 Bxb2 28.
Nxf5 Bxa3 29.Rxh6+ Kg8 30.Rh5 Rh7 31.Nh6+ Kf8 32.Rf5+ 1-0

[Event "2 IECC, Ohrid"]
[Site "Ohrid MKD"]
[Date "2001.06.12"]
[Round "11.43"]
[White "Czebe, Attila"]
[Black "Conquest, Stuart"]
[Result "0-1"]
[WhiteElo "2502"]
[BlackElo "2563"]
[EventDate "2001.06.01"]
[PlyCount "106"]

1.e4 c5 2.Nf3 e6 3.d3 Nc6 4.g3 Nge7 5.h4 d6 6.h5 h6 7.c3 Ne5 8.Nh4 Nd7 9.
Nd2 Nc6 10.Nc4 b5 11.Ne3 Be7 12.Bg2 Bb7 13.f4 a5 14.d4 cxd4 15.cxd4 Bxh4 
16.Rxh4 Ne7 17.Rh1 Qb6 18.Qd3 f5 19.Qb3 a4 20.Qd3 Nf6 21.exf5 Bxg2 22.Nxg2
Nxf5 23.g4 Qb7 24.d5 Ne7 25.Ne3 Nfxd5 26.Qe4 Qc6 27.Rf1 Nxe3 28.Qxc6+ Nxc6
29.Bxe3 Ke7 30.Ke2 Rac8 31.Rac1 Nb4 32.Bd4 Kf7 33.g5 Rhe8 34.Rg1 e5 35.
fxe5 dxe5 36.Bc3 Nxa2 37.Rcf1+ Ke6 38.Bd2 Rc2 39.gxh6 gxh6 40.Rg6+ Kd5 41.
Rd1 Rxb2 42.Kf3 e4+ 43.Kg3 Rb3+ 44.Kg4 Rd3 45.Bf4 Rxd1 46.Rd6+ Kc4 47.Rxd1
Nc3 48.Re1 Re6 49.Kf5 Ra6 50.Rg1 a3 51.Rg6 Ra5 52.Rg1 b4+ 53.Kg4 Ne2 0-1

[Event "2 IECC, Ohrid"]
[Site "Ohrid MKD"]
[Date "2001.06.12"]
[Round "11.44"]
[White "Nevednichy, Vladislav"]
[Black "Halkias, Stelios"]
[Result "0-1"]
[WhiteElo "2563"]
[BlackElo "2494"]
[EventDate "2001.06.01"]
[PlyCount "80"]

1.e4 c5 2.Nf3 e6 3.b3 b6 4.Bb2 Bb7 5.d3 Nc6 6.g3 d5 7.exd5 Nd4 8.Bg2 Bxd5 
9.Nc3 Bxf3 10.Bxf3 Rc8 11.Bg2 g6 12.a4 Bg7 13.a5 Ne7 14.O-O O-O 15.axb6 
axb6 16.Rb1 Qc7 17.Ne4 Nec6 18.Re1 Rcd8 19.Bc1 h6 20.Bf4 Qe7 21.c4 Nb4 22.
h4 Ndc2 23.Re2 Na3 24.Ra1 Rxd3 25.Qc1 Rfd8 26.Kh2 Nac2 27.Rxc2 Rd1 28.Qxd1
Rxd1 29.Rxd1 Nxc2 30.Rd6 f5 31.Rxb6 fxe4 32.Bxe4 Nd4 33.Bxg6 Be5 34.Be3 
Qxh4+ 35.Kg2 Qg4 36.Bxd4 Bxd4 37.Bd3 h5 38.f3 Qg5 39.Rxe6 Qd2+ 40.Be2 Be3 
0-1

[Event "2 IECC, Ohrid"]
[Site "Ohrid MKD"]
[Date "2001.06.12"]
[Round "11.45"]
[White "Neverov, Valeriy"]
[Black "Gunnarsson, Jon Viktor"]
[Result "1-0"]
[WhiteElo "2562"]
[BlackElo "2366"]
[EventDate "2001.06.01"]
[PlyCount "63"]

1.d4 Nf6 2.c4 c5 3.d5 b5 4.cxb5 a6 5.bxa6 Bxa6 6.Nc3 d6 7.g3 g6 8.Bg2 Bg7 
9.Nf3 Nbd7 10.Rb1 Nb6 11.b3 O-O 12.O-O Ra7 13.Re1 e6 14.dxe6 fxe6 15.Bh3 
Re7 16.Ng5 Bc8 17.Nge4 d5 18.Nxc5 e5 19.Bg2 e4 20.N5a4 Nxa4 21.bxa4 Qd6 
22.Rb5 d4 23.Qb3+ Kh8 24.Ba3 Qc7 25.Rc1 Qa7 26.Nxe4 Nxe4 27.Bxe4 d3 28.Bc5
d2 29.Rd1 Qd7 30.Bf3 Ba6 31.Bxe7 Qxe7 32.Rb8 1-0

[Event "2 IECC, Ohrid"]
[Site "Ohrid MKD"]
[Date "2001.06.12"]
[Round "11.50"]
[White "Markowski, Tomasz"]
[Black "Wells, Peter"]
[Result "1-0"]
[WhiteElo "2592"]
[BlackElo "2522"]
[EventDate "2001.06.01"]
[PlyCount "87"]

1.g3 e5 2.c4 Nf6 3.Bg2 c6 4.d4 Bb4+ 5.Bd2 Bxd2+ 6.Qxd2 d6 7.Nc3 O-O 8.dxe5
dxe5 9.Qxd8 Rxd8 10.Nf3 Re8 11.O-O Bf5 12.Nd2 Na6 13.Nb3 Rac8 14.Rfd1 Kf8 
15.Na5 Rc7 16.Rd2 e4 17.Rad1 b6 18.Nb3 Be6 19.Rd4 c5 20.Rd6 Bxc4 21.Nd2 
Be6 22.Ndxe4 Nxe4 23.Bxe4 Bxa2 24.Bc6 Re6 25.Rd8+ Ke7 26.Bb5 Nb4 27.Nxa2 
Nxa2 28.Bc4 Nb4 29.Bxe6 Kxe6 30.Re8+ Kf5 31.Rd6 f6 32.Red8 Re7 33.Rd2 Ke6 
34.R2d6+ Kf5 35.Kf1 Re4 36.R8d7 Nc2 37.Rd2 Rc4 38.Rxa7 g5 39.Rb7 Nd4 40.
Rxb6 Rc1+ 41.Kg2 g4 42.h3 h5 43.hxg4+ hxg4 44.b4 1-0

[Event "2 IECC, Ohrid"]
[Site "Ohrid MKD"]
[Date "2001.06.12"]
[Round "11.53"]
[White "Kruppa, Yuriy"]
[Black "Zelcic, Robert"]
[Result "0-1"]
[WhiteElo "2572"]
[BlackElo "2503"]
[EventDate "2001.06.01"]
[PlyCount "138"]

1.d4 Nf6 2.c4 e6 3.Nc3 Bb4 4.e3 b6 5.Bd3 Bb7 6.Nf3 O-O 7.O-O c5 8.Na4 cxd4
9.exd4 Be7 10.Bf4 d6 11.a3 Nbd7 12.Rc1 Rc8 13.b4 b5 14.cxb5 Rxc1 15.Bxc1 
Qa8 16.Ne1 Rc8 17.f3 Nd5 18.Rf2 Bf6 19.Bb2 Rc7 20.Qb1 g6 21.Rc2 Rxc2 22.
Qxc2 h5 23.Be4 Qd8 24.Qd3 Nf4 25.Qf1 Nd5 26.Nc2 Qc7 27.Na1 Ne7 28.Bxb7 
Qxb7 29.Qc4 Nb6 30.Nxb6 axb6 31.Nc2 Qa8 32.Qb3 Nf5 33.a4 d5 34.Bc3 Nd6 35.
Na3 Nf5 36.Nc2 Nd6 37.Be1 Nc4 38.Bf2 Qb8 39.Qc3 Qa8 40.Qa1 h4 41.Be1 Nd6 
42.Kf1 Qb8 43.Qc3 Nf5 44.Kg1 e5 45.Qc6 Kg7 46.a5 exd4 47.Qxd5 Qc7 48.Qb3 
Nd6 49.a6 Nxb5 50.Qd3 Na7 51.Bf2 Nc6 52.Qc4 Qf4 53.Ne1 Ne5 54.Qf1 Qd2 55.
f4 Ng4 56.Nf3 Qxb4 57.Qa1 d3 58.Bd4 Bxd4+ 59.Nxd4 Qc5 60.Kf1 Kh7 61.Qb2 
Ne3+ 62.Ke1 Qa5+ 63.Qd2 Nc2+ 64.Kd1 Qa1+ 65.Qc1 Ne3+ 66.Kd2 Nf1+ 67.Qxf1 
Qxf1 68.a7 Qxg2+ 69.Kxd3 Qd5 0-1

[Event "2 IECC, Ohrid"]
[Site "Ohrid MKD"]
[Date "2001.06.12"]
[Round "11.54"]
[White "Stefansson, Hannes Hlifar"]
[Black "Izoria, Zviad"]
[Result "1-0"]
[WhiteElo "2570"]
[BlackElo "2489"]
[EventDate "2001.06.01"]
[PlyCount "53"]

1.d4 d5 2.Nf3 e6 3.c4 dxc4 4.e3 c5 5.Bxc4 a6 6.O-O Nf6 7.a4 Nc6 8.Qe2 cxd4
9.Rd1 Be7 10.exd4 O-O 11.Nc3 Nd5 12.Bb3 Re8 13.h4 Ncb4 14.h5 b6 15.Bd2 Bb7
16.h6 g6 17.Ne4 a5 18.Bc4 f6 19.Rac1 Bc6 20.b3 Qd7 21.Re1 Kh8 22.Nh2 Na2 
23.Rcd1 Nab4 24.Ng4 Bd8 25.Bxb4 axb4 26.Qf3 Qf7 27.Nd6 1-0

[Event "2 IECC, Ohrid"]
[Site "Ohrid MKD"]
[Date "2001.06.12"]
[Round "11.57"]
[White "Turov, Maxim"]
[Black "Gausel, Einar"]
[Result "1/2-1/2"]
[WhiteElo "2553"]
[BlackElo "2480"]
[EventDate "2001.06.01"]
[PlyCount "120"]

1.d4 Nf6 2.c4 e6 3.Nc3 Bb4 4.Qc2 O-O 5.a3 Bxc3+ 6.Qxc3 b6 7.Bg5 Ba6 8.Qf3 
Nc6 9.e3 Bb7 10.O-O-O Na5 11.d5 Nb3+ 12.Kc2 Nc5 13.Rd4 d6 14.Ne2 Ncd7 15.
Nc3 h6 16.h4 Re8 17.Qh3 Kf8 18.dxe6 Rxe6 19.Bf4 Ne4 20.Nxe4 Bxe4+ 21.Bd3 
Bxd3+ 22.Rxd3 Nc5 23.Rd4 Qf6 24.h5 Rae8 25.Rhd1 a5 26.f3 Kg8 27.Rd5 Qe7 
28.Kb1 Nd7 29.e4 Nc5 30.Qg3 Kh8 31.Be3 Nb3 32.a4 Nc5 33.Bd4 f6 34.Bxc5 
bxc5 35.Qe1 Ra8 36.Kc2 Qf7 37.Qc3 Ree8 38.b3 Reb8 39.R1d3 Rb4 40.Re3 Rab8 
41.g4 Qe8 42.Qa1 Qc8 43.Rdd3 Qe6 44.Rd5 c6 45.Rdd3 Qe7 46.Kd2 Qc7 47.Qd1 
Re8 48.Ke2 Re6 49.f4 Rb8 50.Kf3 Rd8 51.Qd2 Re7 52.Re2 Re6 53.Re1 Ree8 54.
Ree3 Re6 55.Re1 Re7 56.Re2 Red7 57.Kg3 Re8 58.Kf3 Qd8 59.Kg3 Re6 60.Kf3 
Re8 1/2-1/2

[Event "2 IECC, Ohrid"]
[Site "Ohrid MKD"]
[Date "2001.06.12"]
[Round "11.59"]
[White "Fedorchuk, Serhii"]
[Black "Jobava, Baadur"]
[Result "0-1"]
[WhiteElo "2528"]
[BlackElo "2543"]
[EventDate "2001.06.01"]
[PlyCount "70"]

1.e4 c5 2.Nf3 d6 3.d4 Nf6 4.Nc3 cxd4 5.Nxd4 a6 6.f4 e5 7.Nf3 Nbd7 8.Bd3 
Be7 9.O-O O-O 10.Kh1 b5 11.a4 bxa4 12.Qe1 Bb7 13.Rxa4 Nc5 14.Ra1 exf4 15.
Bxf4 d5 16.e5 Nfe4 17.Nd4 Bg5 18.Nf5 Bxf4 19.Rxf4 Qg5 20.Qf1 Ne6 21.Rh4 
Nd4 22.Rf4 Ne6 23.Rh4 Rac8 24.Bxe4 dxe4 25.Re1 Nd4 26.Rf4 Nf3 27.gxf3 Qxf4
28.Nd6 exf3 29.Nxb7 f2 30.Ra1 Rb8 31.Nc5 Rxb2 32.Nd3 Qf3+ 33.Qg2 f1=Q+ 34.
Rxf1 Qxg2+ 35.Kxg2 Rxc2+ 0-1

[Event "2 IECC, Ohrid"]
[Site "Ohrid MKD"]
[Date "2001.06.12"]
[Round "11.60"]
[White "Chernyshov, Konstantin"]
[Black "Rogic, Davor"]
[Result "1-0"]
[WhiteElo "2536"]
[BlackElo "2457"]
[EventDate "2001.06.01"]
[PlyCount "107"]

1.d4 d5 2.Nc3 Nf6 3.Bg5 Nbd7 4.Qd2 c6 5.f3 Qa5 6.e4 dxe4 7.fxe4 e5 8.Bxf6 
Nxf6 9.dxe5 Ng4 10.Nf3 Be6 11.Nd1 Bb4 12.c3 Be7 13.Qf4 f6 14.exf6 Bxf6 15.
h3 Ne5 16.Nd4 Bd7 17.Be2 O-O 18.O-O Rae8 19.Nf2 Qb6 20.Qd2 Rd8 21.Qc2 Kh8 
22.Qb3 Qc7 23.Rad1 Rde8 24.Nf5 Be6 25.Qb4 Nf7 26.Bc4 Bxc4 27.Qxc4 g6 28.
Ng4 Ne5 29.Nxe5 Qxe5 30.Nd6 Re7 31.Qd4 Qg5 32.e5 Qxe5 33.Qxe5 Rxe5 34.Nxb7
Rb5 35.Nd6 Rxb2 36.Ne4 Be7 37.Rd7 Re8 38.Rf7 Re2 39.Rdxe7 Rxe4 40.Rxh7+ 
Kg8 41.Rhg7+ Kh8 42.Rxe8+ Rxe8 43.Rxg6 Re2 44.a4 Ra2 45.Rg4 a5 46.Kh2 c5 
47.h4 Ra3 48.Rc4 Kg7 49.Kh3 Kf6 50.h5 Ke6 51.Rxc5 Rxa4 52.h6 Ra1 53.Kg4 a4
54.h7 1-0

[Event "2 IECC, Ohrid"]
[Site "Ohrid MKD"]
[Date "2001.06.12"]
[Round "11.62"]
[White "Slobodjan, Roman"]
[Black "Cyborowski, Lukasz"]
[Result "1/2-1/2"]
[WhiteElo "2529"]
[BlackElo "2450"]
[EventDate "2001.06.01"]
[PlyCount "110"]

1.e4 c5 2.Nf3 Nc6 3.c3 Nf6 4.e5 Nd5 5.d4 cxd4 6.Bc4 Nb6 7.Bb3 d5 8.exd6 
Qxd6 9.O-O Be6 10.Bxe6 Qxe6 11.Nxd4 Qd7 12.Nxc6 Qxc6 13.Nd2 g6 14.Nb3 Rd8 
15.Qe2 Bg7 16.Bg5 O-O 17.Rad1 h6 18.Be3 Nd5 19.Bc1 Qa4 20.Nc5 Qxa2 21.Qb5 
e6 22.Nxb7 Rb8 23.Qa5 Qc4 24.Nd6 Qc6 25.Ne4 f5 26.Nd2 Nf4 27.Nf3 Ne2+ 28.
Kh1 Nxc1 29.Rxc1 Rxb2 30.Qxa7 e5 31.Rfd1 Ra8 32.Qe3 e4 33.Nd4 Qc4 34.Rd2 
Rxd2 35.Qxd2 Ra2 36.Qf4 Qd3 37.Ne6 Qd2 38.Qxd2 Rxd2 39.Nxg7 Kxg7 40.Kg1 
Kf6 41.Kf1 f4 42.c4 Ke5 43.c5 Rd7 44.Ke2 Rc7 45.f3 e3 46.g3 g5 47.c6 Kd5 
48.Rd1+ Kxc6 49.gxf4 gxf4 50.Rd4 Rf7 51.Re4 Kd5 52.h4 Rf5 53.Kf1 Rf7 54.
Ke2 Rf6 55.Ke1 h5 1/2-1/2

[Event "2 IECC, Ohrid"]
[Site "Ohrid MKD"]
[Date "2001.06.12"]
[Round "11.63"]
[White "Ermenkov, Evgeny"]
[Black "Volzhin, Alexander"]
[Result "1-0"]
[WhiteElo "2478"]
[BlackElo "2528"]
[EventDate "2001.06.01"]
[PlyCount "49"]

1.c4 e5 2.Nc3 Nc6 3.g3 f5 4.Bg2 Nf6 5.e3 d5 6.cxd5 Nb4 7.d3 Nbxd5 8.Nxd5 
Nxd5 9.a3 c6 10.Nf3 Bd6 11.O-O O-O 12.e4 fxe4 13.dxe4 Nf6 14.Qc2 Kh8 15.h3
Be6 16.Be3 Qd7 17.Rad1 Rfe8 18.Rd2 Bg8 19.Nh4 Bc7 20.Nf5 Qe6 21.Rfd1 Qb3 
22.Qc1 Qa4 23.Bg5 Nxe4 24.Rd7 Bb6 25.Bh6 1-0

[Event "2 IECC, Ohrid"]
[Site "Ohrid MKD"]
[Date "2001.06.12"]
[Round "11.65"]
[White "Konopka, Michal"]
[Black "Degraeve, Jean-Marc"]
[Result "1-0"]
[WhiteElo "2507"]
[BlackElo "2589"]
[EventDate "2001.06.01"]
[PlyCount "57"]

1.Nf3 g6 2.d4 Bg7 3.e4 c5 4.dxc5 Qa5+ 5.c3 Qxc5 6.Na3 Bxc3+ 7.bxc3 Qxc3+ 
8.Qd2 Qxa1 9.Nb5 Na6 10.Nc3 Nc5 11.Nd4 a6 12.Be2 b5 13.O-O Nf6 14.Ba3 
Ncxe4 15.Nxe4 Nxe4 16.Qb4 Qxf1+ 17.Kxf1 d6 18.Nc6 f5 19.f3 Bb7 20.Na5 Nc5 
21.Qd4 O-O-O 22.Bxc5 dxc5 23.Qxc5+ Kb8 24.Qxe7 Bd5 25.a4 Rhe8 26.Qc5 Be6 
27.axb5 axb5 28.Bxb5 f4 29.Nc6+ 1-0

[Event "2 IECC, Ohrid"]
[Site "Ohrid MKD"]
[Date "2001.06.12"]
[Round "11.66"]
[White "De Vreugt, Dennis"]
[Black "Nijboer, Friso"]
[Result "0-1"]
[WhiteElo "2460"]
[BlackElo "2580"]
[EventDate "2001.06.01"]
[PlyCount "66"]

1.e4 c5 2.Nf3 Nc6 3.d4 cxd4 4.Nxd4 Nf6 5.Nc3 d6 6.Bc4 Qb6 7.Nde2 e6 8.Bb3 
Qc7 9.Bg5 Be7 10.Qd2 O-O 11.O-O-O Rd8 12.f4 a6 13.f5 Na5 14.Nf4 Nxb3+ 15.
axb3 b5 16.Rhf1 Qa5 17.Kb1 b4 18.Bxf6 Bxf6 19.Nh5 bxc3 20.Nxf6+ gxf6 21.
bxc3 Bb7 22.fxe6 fxe6 23.Rxf6 Bxe4 24.Rxe6 Qf5 25.Rh6 a5 26.g4 Qf7 27.Kb2 
a4 28.Qg5+ Bg6 29.h4 axb3 30.cxb3 Re8 31.Rxd6 Re2+ 32.Rd2 Rb8 33.b4 Ra8 
0-1

[Event "2 IECC, Ohrid"]
[Site "Ohrid MKD"]
[Date "2001.06.12"]
[Round "11.67"]
[White "Roder, Matthias"]
[Black "Kuzmin, Gennady"]
[Result "1-0"]
[WhiteElo "2459"]
[BlackElo "2582"]
[EventDate "2001.06.01"]
[PlyCount "61"]

1.d4 c5 2.d5 Nf6 3.c4 d6 4.Nc3 g6 5.e4 Bg7 6.h3 O-O 7.Nf3 e6 8.Bd3 Na6 9.
O-O Nc7 10.Bg5 h6 11.Be3 e5 12.Qd2 Kh7 13.Ne2 b5 14.b3 Rb8 15.Rac1 a5 16.
Nh2 Nd7 17.f4 exf4 18.Bxf4 Ne5 19.Nf3 Nxd3 20.Qxd3 Re8 21.Ng3 Ba6 22.e5 
bxc4 23.bxc4 dxe5 24.Bxe5 Rxe5 25.Nxe5 Bxe5 26.Rxf7+ Bg7 27.Nh5 Ne8 28.Re1
Bxc4 29.Rxe8 Qxe8 30.Rxg7+ Kh8 31.Qc3 1-0

[Event "2 IECC, Ohrid"]
[Site "Ohrid MKD"]
[Date "2001.06.12"]
[Round "11.68"]
[White "Eljanov, Pavel"]
[Black "Jacimovic, Dragoljub"]
[Result "1-0"]
[WhiteElo "2558"]
[BlackElo "2504"]
[EventDate "2001.06.01"]
[PlyCount "113"]

1.d4 Nf6 2.c4 g6 3.Nc3 Bg7 4.e4 d6 5.h3 O-O 6.Nf3 c6 7.Be3 Na6 8.g4 e5 9.
d5 Nc5 10.Nd2 a5 11.Be2 a4 12.b4 axb3 13.axb3 Rxa1 14.Qxa1 Na6 15.Qa3 c5 
16.Qb2 Ne8 17.Nf1 Bf6 18.Qd2 Bd7 19.g5 Bg7 20.Ng3 f5 21.gxf6 Qxf6 22.Bg4 
Bxg4 23.hxg4 Qd8 24.g5 Nb4 25.Kf1 Nc7 26.Kg2 Qd7 27.Ra1 Rf4 28.Ra7 Ne8 29.
Nb5 Rf7 30.Qd1 Bf8 31.Ra8 Na6 32.Qh1 Nec7 33.Nxc7 Nxc7 34.Ra1 b5 35.Qh3 
Qe8 36.Qg4 Bg7 37.Nf1 Qd7 38.Nh2 Qxg4+ 39.Nxg4 b4 40.Kg3 Kf8 41.Ra7 Ne8 
42.Ra8 Rd7 43.f4 exf4+ 44.Bxf4 Ke7 45.e5 dxe5 46.Nxe5 Bxe5 47.Bxe5 Nd6 48.
Kf4 Nb7 49.Rh8 Na5 50.Rxh7+ Ke8 51.Rh8+ Kf7 52.Rh3 Ke7 53.Ke4 Nb7 54.Rf3 
Na5 55.d6+ Ke8 56.Kd5 Rf7 57.Rxf7 1-0

[Event "2 IECC, Ohrid"]
[Site "Ohrid MKD"]
[Date "2001.06.12"]
[Round "11.69"]
[White "Aronian, Levon"]
[Black "Podgaets, Mikhail"]
[Result "1/2-1/2"]
[WhiteElo "2528"]
[BlackElo "2477"]
[EventDate "2001.06.01"]
[PlyCount "39"]

1.e4 c6 2.d3 d5 3.Nd2 e5 4.Ngf3 Bd6 5.g3 Nf6 6.Bg2 O-O 7.O-O Re8 8.Nh4 Na6
9.Nb1 dxe4 10.dxe4 Nc5 11.Qe2 g6 12.a4 b6 13.Nd2 Ba6 14.Nc4 Bf8 15.Re1 Qd4
16.Bf1 Ncxe4 17.Be3 Qd5 18.a5 Qe6 19.axb6 axb6 20.Bxb6 1/2-1/2

[Event "2 IECC, Ohrid"]
[Site "Ohrid MKD"]
[Date "2001.06.12"]
[Round "11.70"]
[White "Tischbierek, Raj"]
[Black "Mchedlishvili, Mikheil"]
[Result "0-1"]
[WhiteElo "2527"]
[BlackElo "2416"]
[EventDate "2001.06.01"]
[PlyCount "88"]

1.e4 c5 2.Nf3 d6 3.d4 cxd4 4.Nxd4 Nf6 5.Nc3 Nc6 6.Be3 e6 7.Be2 Be7 8.O-O 
O-O 9.f4 a6 10.a4 Qc7 11.Kh1 Bd7 12.Nb3 b6 13.Bf3 Rab8 14.Qe2 Bc8 15.Qc4 
Bb7 16.f5 Qd7 17.fxe6 fxe6 18.Nd4 Nxd4 19.Bxd4 b5 20.axb5 axb5 21.Qb3 b4 
22.Bxf6 Bxf6 23.Bg4 Kh8 24.Bxe6 Qe7 25.Ne2 Bxe4 26.Ng3 Bg6 27.Bf5 Bf7 28.
Qd3 g6 29.Rae1 Be5 30.Be4 Bxb2 31.Bd5 Be5 32.Bxf7 Rxf7 33.Rxf7 Qxf7 34.Rf1
Qe7 35.Qc4 Kg7 36.Qg4 Kh8 37.Qc4 Kg7 38.Qg4 Rf8 39.Qxb4 Bxg3 40.Rxf8 Be1 
41.Qd4+ Kxf8 42.Qh8+ Kf7 43.Qxh7+ Kf6 44.Qh8+ Kg5 0-1

[Event "2 IECC, Ohrid"]
[Site "Ohrid MKD"]
[Date "2001.06.12"]
[Round "11.72"]
[White "Rabiega, Robert"]
[Black "Basagic, Zlatko"]
[Result "1/2-1/2"]
[WhiteElo "2517"]
[BlackElo "2345"]
[EventDate "2001.06.01"]
[PlyCount "91"]

1.e4 e5 2.Nf3 d6 3.Bc4 Be7 4.O-O Nf6 5.d3 O-O 6.Re1 Nbd7 7.c3 c6 8.Bb3 Qc7
9.d4 b6 10.Nbd2 Ba6 11.Nf1 Bxf1 12.Kxf1 Rfe8 13.dxe5 Nxe5 14.Nxe5 dxe5 15.
Qf3 a5 16.a4 b5 17.g3 Rab8 18.Kg2 Rf8 19.h4 b4 20.Bc4 bxc3 21.bxc3 Bc5 22.
h5 Ne8 23.h6 g6 24.Rd1 Kh8 25.Be3 Bxe3 26.Qxe3 Nd6 27.Qe2 Qe7 28.Ra2 f5 
29.exf5 gxf5 30.Rad2 Rf6 31.Ba2 Rxh6 32.Qe3 f4 33.Qc5 Rd8 34.Qxc6 fxg3 35.
fxg3 Rg6 36.Kh2 Qg5 37.Qf3 Rf6 38.Qg2 Rdf8 39.Re2 Nf5 40.Rf1 e4 41.Rxe4 
Ne3 42.Rxf6 Qxf6 43.Qe2 Qf2+ 44.Qxf2 Rxf2+ 45.Kh3 Rxa2 46.Rxe3 1/2-1/2

[Event "2 IECC, Ohrid"]
[Site "Ohrid MKD"]
[Date "2001.06.12"]
[Round "11.73"]
[White "Stojanovski, Dejan"]
[Black "Smirnov, Pavel"]
[Result "1-0"]
[WhiteElo "2351"]
[BlackElo "2511"]
[EventDate "2001.06.01"]
[PlyCount "83"]

1.e4 c5 2.Nf3 d6 3.d4 cxd4 4.Nxd4 Nf6 5.Nc3 a6 6.Be3 e6 7.f3 b5 8.g4 h6 9.
Qd2 Nbd7 10.O-O-O Bb7 11.h4 b4 12.Na4 Qa5 13.b3 Nc5 14.a3 Nxa4 15.axb4 Qc7
16.bxa4 Nd7 17.Nb3 d5 18.b5 Qd6 19.Kb1 Qa3 20.Qc1 Qxa4 21.Rd4 Bb4 22.Qb2 
a5 23.exd5 e5 24.Rd1 Rc8 25.c4 Nf6 26.Qa2 Nxd5 27.cxd5 Qxa2+ 28.Kxa2 Rc2+ 
29.Kb1 Rc3 30.Rd3 a4 31.Rxc3 Bxc3 32.Bd2 axb3 33.Bxc3 Bxd5 34.Be2 Ke7 35.
Kb2 f6 36.Ra1 h5 37.Ra7+ Ke6 38.Bb4 hxg4 39.fxg4 Re8 40.Rxg7 f5 41.g5 e4 
42.h5 1-0